| 000 | 00000nam 2200000za 4500 |
| 001 | 9.820931 |
| 003 | CaOODSP |
| 005 | 20221107143333 |
| 007 | cr ||||||||||| |
| 008 | 160713s2016 quc ob f000 0 eng d |
| 020 | |z978-0-660-03470-6 |
| 040 | |aCaOODSP|beng |
| 043 | |an-cn--- |
| 086 | 1 |aEn14-236/2015E-PDF|zEn14-236/2015E-EPUB |
| 245 | 00|aScreening assessment report on phenol, 2-(2H-benzotriazol-2-yl)-4,6-bis(1,1-dimethylpropyl)- (BDTP) |h[electronic resource] : |bChemical Abstracts Service Registry Number 25973-55-1. |
| 260 | |a[Gatineau, QC] : |bEnvironment and Climate Change Canada : |bHealth Canada, |cc2016. |
| 300 | |a87 p. |
| 500 | |aIssued also in French under title: Rapport d'évaluation préalable sur 2-(2H-Benzotriazol-2-yl)-4,6-di-tert-pentylphénol (BDTP) : numéro de registre du Chemical Abstracts Service 25973-55-1. |
| 500 | |aIncorrect catalogue number (En14-236/2015E-EPUB) and ISBN (978-0-660-03470-6) copied in this PDF edition. |
| 500 | |a"May 2016.” |
| 504 | |aIncludes bibliographical references. |
| 692 | 07|2gccst|aChemicals |
| 692 | 07|2gccst|aToxicology |
| 710 | 1 |aCanada. |bHealth Canada. |
| 710 | 1 |aCanada. |bEnvironment and Climate Change Canada. |
| 775 | 08|tRapport d'évaluation préalable sur 2-(2H-Benzotriazol-2-yl)-4,6-di-tert-pentylphénol (BDTP) |w(CaOODSP)9.820933 |
| 856 | 40|qPDF|s721 KB|uhttps://publications.gc.ca/collections/collection_2016/eccc/En14-236-2015-eng.pdf |